000 00388 a2200169 4500
001 184739
020 _a978-85-15-00157-6
040 _cMagnum
100 _aAlves, Rubem
240 1 0 _aA menina e o pássaro encantado
_lpor
245 1 0 _aA menina e o pássaro encantado
300 _a28
362 0 _a2009
440 1 _aLoyola
697 _aLITERATURA INFANTO-JUVENIL
942 _cBK
999 _c184739
_d184739